Las filosofías sociales de nuestra época de crisis : (Record no. 1270)

000 -CABECERA
fixed length control field 01013nam a22002057a 4500
003 - IDENTIFICADOR DEL NÚMERO DE CONTROL
control field AR-CdUCM
008 - DATOS DE LONGITUD FIJA--INFORMACIÓN GENERAL
fixed length control field 190226b ||||| |||| 00| 0 spa d
040 ## - FUENTE DE LA CATALOGACIÓN
Agencia/entidad que catalogó originalmente la obra MUNICIPALIDAD PROVINCIAL DEL CUSCO
Entidad que transcribió la catalogación BIBLIOTECA MUNICIPAL DEL CUSCO
082 ## - NÚMERO DE LA CLASIFICACIÓN DECIMAL DEWEY
No. de Clasificación 301.09 /
Notacion interna S68
100 ## - ENTRADA PRINCIPAL--NOMBRE DE PERSONA
Nombre Personal Sorokin, Pitirim A.
245 ## - MENCIÓN DE TÍTULO
Título Las filosofías sociales de nuestra época de crisis :
Resto del título El hombre frente a la crisis /
260 ## - PUBLICACIÓN, DISTRIBUCIÓN, ETC.
Lugar de publicación, distribución, etc. Madrid :
Nombre de la editorial, distribuidor, etc. Aguilar, S.A. de ediciones;
Fecha de publicación, distribución, etc. 1966.
300 ## - DESCRIPCIÓN FÍSICA
Nº de Páginas Extensión 416 paginas ;
Dimensiones 21 cm.
505 ## - NOTA DE CONTENIDO CON FORMATO
Nota de contenido formateada Consideraciones del hombre sobre su destino en las épocas de crisis -- Interpretaciones estéticas de la historia -- Bases de criticismo: sistemas culturales, supe- sistemas y agrupaciones -- Investigación critica de las teorías de Danilvsky, Spengler y Toynbee -- Cuestiones en que están de acuerdo las modernas filosofías de la sociedad ...
650 ## - PUNTO DE ACCESO ADICIONAL DE MATERIA--TÉRMINO DE MATERIA
Descriptor Sociología
9 (RLIN) 276
650 ## - PUNTO DE ACCESO ADICIONAL DE MATERIA--TÉRMINO DE MATERIA
Descriptor Escuelas y colegios
9 (RLIN) 4927
650 ## - PUNTO DE ACCESO ADICIONAL DE MATERIA--TÉRMINO DE MATERIA
Descriptor Historia
9 (RLIN) 136
942 ## - ELEMENTOS DE PUNTO DE ACCESO ADICIONAL (KOHA)
Fuente de clasificación
Tipo de item Libros-BMC
945 ## - PROCESAMIENTO DE INFORMACIÓN LOCAL (OCLC)
Catalogador rum
AAAA-MM-DD - Fecha de ingreso o modificacion 2019-02-26
Holdings
Estado de retiro (separado) Fuente de clasificación o esquema de estanterías Estado dañado Ubicación Sala donde se ubica Nombre de la colección Fecha de adquisición o compra Costo, precio normal en soles Signatura topográfica Código de Barras Última vez visto (Koha) Tipo de ítem (Koha) Número de Ejemplar
No     Sala Humanidades Sala Humanidades Book Cart 2019-02-26 17.00 301.09 / S68 SH0000001316 2019-02-26 Libros-BMC  
No     Sala Humanidades Sala Humanidades Book Cart 2019-03-07 50.00 301.09 / S68 / e.2 SH0000004151 2019-03-07 Libros-BMC e.2

Powered by Koha